00553 2200205 4500001002100000005001700021008004100038020002200079035002500101090001900126100001600145245003600161250001600197260003300213300002400246500003100270650001200301850001200313999002200325YOGYA-0209000004644920150220134401.0 ind  a978-979-756-206-9 a0010-020900000046449 aDEP 330bAma E aAMALIA, Lia aEkonomi pembangunancLia Amalia aEd.1, cet.1 aYogyakartabGraha Ilmuc2007 axiv, 118 hlmc23 cm aBibliografi : hlm. 115-116 aEkonomi aYOPDYOG aCB-D.11 2007-348h